000 00785nam a2200253Ia 4500
003 OSt
005 20220926032251.0
006 a|||||r|||| 00| 0
007 ta
008 220923b |||||||| |||| 00| 0 eng d
020 _a0700706305
037 _cGeneral Book
040 _aRTL
_cRTL
_beng
041 _2eng
_aeng
082 _aY7491H, N8
100 _aMousavi Sayed Askar
_9337177
245 0 _aHazaras of Afghanistan
_b An historical, cultural, economic and political study
260 _aSurrey
_bCurzon Press
_c1998
300 _axvii,265p
_ccm.
500 _aBibliography: p 223-333; Appendix: p 243-253; Glossary: p 235-239
650 _aPakistan Society
942 _hY7491H, N8
_cGB
_2CC
999 _c654289
_d654289